000 00467nam a2200157Ia 4500
008 090711s9999 xx 000 0 und d
082 _b1189
100 _aराजपूत रघुवीरसिंह
245 _aइज्जत
260 _c1998
600 _aराजपूत रघुवीरसिंह
630 _aइज्जत
700 _aराजपूत रघुवीरसिंह
730 _aइज्जत
942 _cBOOK
999 _c334047
_d334047